| 000 | 00000nam 2200000za 4500 |
| 001 | 9.694906 |
| 003 | CaOODSP |
| 005 | 20230817100713 |
| 007 | cr ||||||||||| |
| 008 | 150407|2009||||xxc|||||o f|0| 0 eng d |
| 040 | |aCaOODSP|beng |
| 043 | |an-cn--- |
| 086 | 1 |aNH15-407/2009E-PDF |
| 110 | 2 |aCanada Mortgage and Housing Corporation. |
| 245 | 10|aCondominium buyers' guide |h[electronic resource] |
| 250 | |aRevision |
| 260 | |aOttawa - Ontario : |bCanada Mortgage and Housing Corporation |c2009, c2002. |
| 300 | |a43p.|bglossary |
| 500 | |a"Reprinted 2005, 2006, revised and reprinted 2008, 2009".--Page 4 of 43. Incorrect catalogue number (NH15-407/2003E) and ISBN (0-662-33517-1) copied in this PDF version. |
| 590 | |a11-16-Supp|b2011-08-25 |
| 690 | 07|aHousing|2gcpds |
| 775 | 08|tLogements en copropriété - Guide de l'acheteur |w(CaOODSP)9.639073 |
| 794 | |tCondominium buyers' guide |w(CaOODSP)9.700205 |
| 856 | 40|ahttp://publications.gc.ca|qPDF|s3016 KB|uhttps://publications.gc.ca/collections/collection_2011/schl-cmhc/NH15-407-2009-eng.pdf |
| 986 | |a63100 |